Asymétrie : la beauté du diable : où se cache la symétrie de l'univers?

Đã lưu trong:
Sonraí Bibleagrafaíochta
Príomhúdar: Close, Frank
Formáid: Leabhar
Teanga:Vietnamese
Foilsithe: EDP sciences 2001
Clibeanna: Cuir Clib Leis
Gan Chlibeanna, Bí ar an gcéad duine leis an taifead seo a chlibeáil!
Thư viện lưu trữ: Mạng thư viện Đại học Đà Nẵng
LEADER 00724nam a2200253 4500
001 000021536
003 17984
005 20150422090455.0
008 150422s2001 viesd
020 |c 00 
041 0 |a vie 
082 1 4 |a 530  |b CL-F 
100 1 |a Close, Frank 
245 1 0 |a Asymétrie : la beauté du diable : où se cache la symétrie de l'univers?  |c Frank Close ; traduit de l'anglais par Jean-Louis Bobin, Alain Milsztajn et Yves Sacquin 
260 |b EDP sciences  |c 2001 
300 |a tr.  |c cm. 
OWN |a LSP 
999 |a From the UDN01 
TYP |a Monograph 
TYP |a Printed language 
980 |a Mạng thư viện Đại học Đà Nẵng